| 000 | 01117nam a2200313 c 4500 | ||
|---|---|---|---|
| 003 | BLK | ||
| 005 | 20180420213725.0 | ||
| 008 | 180412b bul|||||r ||||||| ||bul|| | ||
| 010 | _aKNG00004831000 | ||
| 020 |
_a954-8515-02-4 _bиздат.: Костенурка |
||
| 040 | _aBLK | ||
| 041 |
_aBUL _cBUL |
||
| 080 |
_aБългарска литература _b821.163.2 _x-1 _z821.163.2-1 |
||
| 100 | 1 |
_aБочев, Пламен _eпърви автор _9247711 |
|
| 700 | 1 |
_aКунчев, Божидар _eсъавт. _9247712 |
|
| 139 |
_aБочев, Пламен и др. _bБ 71 |
||
| 245 | 1 | 0 |
_aНесвършено минало _bСтихотворения _cПламен Бочев; съавт. Божидар Кунчев. |
| 257 | _aBGR | ||
| 260 |
_аСофия _bКостенурка _c1994 |
||
| 300 |
_a44 с. _bс ил. _c17 см |
||
| 380 | _aX | ||
| 490 | 1 |
_aБиблиотека Нова българска поезия'94 _v2 |
|
| 500 | _a1 000 тир. | ||
| 852 | _aЦб І 27629 | ||
| 856 | 4 |
_qpdf _u |
|
| 856 | 4 |
_qpdf _u |
|
| 942 |
_cKNG _n0 |
||
| 944 |
_aCR _c15.01.2003 _kКети_Илиева |
||
| 944 |
_aED _c12.07.2013 _k |
||
| 999 |
_c3723 _d3723 |
||